Survey of post-sankara advaita vedanta (Record no. 1225757)

MARC details
000 -LEADER
fixed length control field 00646nam a2200217Ia 4500
005 - DATE AND TIME OF LATEST TRANSACTION
control field 20241129105740.0
008 - FIXED-LENGTH DATA ELEMENTS--GENERAL INFORMATION
fixed length control field 241129s9999||||xx |||||||||||||| ||und||
020 ## - INTERNATIONAL STANDARD BOOK NUMBER
International Standard Book Number 81-86339-34-5
037 ## - SOURCE OF ACQUISITION
Stock number TB
040 ## - CATALOGING SOURCE
Original cataloging agency ARTS
Language of cataloging eng
Transcribing agency ARTS
041 ## - LANGUAGE CODE
Language code of text/sound track or separate title eng
Source of code eng
084 ## - COLON CLASSIFICATION NUMBER
Classification number R66vL R2
Assigning agency ARTS
100 ## - MAIN ENTRY--PERSONAL NAME
Personal name Nachane Sulochana A. Au.; Panda R. K. Ed.
9 (RLIN) 724586
245 #0 - TITLE STATEMENT
Title Survey of post-sankara advaita vedanta
Statement of responsibility, etc. Nachane Sulochana A. Au.; Panda R. K. Ed.
260 ## - PUBLICATION, DISTRIBUTION, ETC.
Place of publication, distribution, etc. Delhi, India
Name of publisher, distributor, etc. Eastern Book Linkers
Date of publication, distribution, etc. 2022
300 ## - PHYSICAL DESCRIPTION
Extent xv,352p.
365 ## - TRADE PRICE
Price type code INR
Price amount 750
650 ## - SUBJECT ADDED ENTRY--TOPICAL TERM
Topical term or geographic name entry element Philosophy
942 ## - ADDED ENTRY ELEMENTS (KOHA)
Koha item type Textbook
Classification part R66vL R2

No items available.

Copyright @ Delhi University Library System